| 000 | 00627 a2200265 4500 | ||
|---|---|---|---|
| 001 | 105392 | ||
| 020 | _a0778706516 (RLB) | ||
| 020 | _a0778706818 (pbk.) | ||
| 041 | _apor | ||
| 090 | _aP SK 597 | ||
| 092 | _a2001037214 | ||
| 100 | _aKalman, Bobbie | ||
| 250 | _a. ed. | ||
| 300 | _a32 p. | ||
| 490 | _aLife cycle | ||
| 697 | _aFrogs. | ||
| 697 | _aFrogs - Life cycles | ||
| 697 | _aTadpoles. | ||
| 830 | _aLife cycle | ||
| 856 | _u000009/00000983.jpeg | ||
| 040 |
_aBR-BrIDEA _cBR-BrIDEA |
||
| 245 | 1 | 0 |
_aThe life cycle of a frog _c Bobbie Kalman |
| 260 |
_a[S.l.] _bCrabtree Pub. Co. _c2002 |
||
| 942 | _cBK | ||
| 999 |
_c105392 _d105392 |
||